La palabra de Dios para el pueblo de Dios : una introducción al estudio de la Biblia / Catalina F. Padilla ; dirigido por C. René Padilla (Registro nro. 42623)
[ vista simple ]
| 000 -LÍDER | |
|---|---|
| Campo fijo de descripción fija | 008020000a22001930004500 |
| 020 ## - NÚMERO INTERNACIONAL NORMALIZADO PARA LIBROS | |
| Número Internacional Normalizado del libro | 978-987-1355-07-5 : 32.000 |
| 082 04 - NÚMERO DE CLASIFICACIÓN DECIMAL DEWEY | |
| Número de clasificación | G 220.61 P1237p |
| 001 - NÚMERO DE CONTROL | |
| Campo de control | 13668 |
| 100 1# - ASIENTO PRINCIPAL--NOMBRE PERSONAL | |
| Nombre personal | Padilla, Catalina F. de |
| 245 10 - TÍTULO | |
| Título del Material | La palabra de Dios para el pueblo de Dios : una introducción al estudio de la Biblia / Catalina F. Padilla ; dirigido por C. René Padilla |
| 260 ## - PUBLICACIÓN, DISTRIBUCIÓN, ETC. (PIE DE IMPRENTA) | |
| Lugar de publicación, distribución, etc. | Florida : Kairós |
| 300 ## - DESCRIPCIÓN FÍSICA | |
| Extensión | 187 p. |
| 336 ## - CONTENT TYPE | |
| Content type term | texto |
| Content type code | txt |
| Source | rdacontent |
| 337 ## - MEDIA TYPE | |
| Source | rdamedia |
| Media type term | sin mediación |
| Media type code | n |
| 338 ## - CARRIER TYPE | |
| Source | rdacarrier |
| Carrier type term | volumen |
| Carrier type code | nc |
| 505 00 - NOTA DE CONTENIDO | |
| Nota de contenido con formato preestablecido | Metodología de estudio - El estudio de un libro entero: Una epístola - El estudio detallado de un pasaje breve - Estudios de los evangelios - El estudio por género literario |
| 650 14 - ASIENTO SECUNDARIO DE MATERIA - TERMINO TEMÁTICO | |
| Término temático o nombre geográfico como elemento de entrada | BIBLIA - ENSEÑANZA \ BIBLIA - METODOS DE ESTUDIO |
| 942 ## - TIPO DE MATERIAL (KOHA) | |
| Tipo de Item KOHA | Libros General |
| Estado de Material | Estado de Perdido | Estado de Dañado | No para Préstamo | Colección | Tomo | Biblioteca de Origen | Biblioteca Permanente | Fecha de Adquisición | Total de Préstamos | Total de Renovaciones | Signatura Topográfica | Código de Barras | Última vez visto | Última vez Préstado | Ejemplar/Existencia | Fecha de Remplazo | Tipo de Material |
|---|---|---|---|---|---|---|---|---|---|---|---|---|---|---|---|---|---|
| Colección General | Biblioteca FUSBC | Biblioteca FUSBC | 27/07/2010 | 9 | 4 | G 220.61 P1237p | 17194 | 30/08/2023 | 25/08/2023 | 1 | 26/01/2016 | Libros General |
